Reflections on the Divine (Record no. 19432)
[ view plain ]
| 000 -LEADER | |
|---|---|
| fixed length control field | 00551nam a2200229 a 4500 |
| 020 ## - INTERNATIONAL STANDARD BOOK NUMBER | |
| ISBN | 9781597840453 |
| 082 00 - DEWEY DECIMAL CLASSIFICATION NUMBER | |
| Classification number | 297.211 |
| Author Cutter | NUR3 |
| 100 ## - MAIN ENTRY--AUTHOR NAME | |
| Author name | Nursi, Said |
| 245 ## - TITLE STATEMENT | |
| Title | Reflections on the Divine |
| 260 ## - PUBLICATION, DISTRIBUTION, ETC. (IMPRINT) | |
| Place of publication | NJ, USA |
| Name of publisher | Light |
| Year of publication | 2006 |
| 500 ## - GENERAL NOTE | |
| General note | includes index and biblioraphy |
| 505 2# - FORMATTED CONTENTS NOTE | |
| Formatted contents note | 135pIndex |
| 650 ## - SUBJECT ADDED ENTRY--TOPICAL TERM | |
| Topical Term | Theology-God |
| 942 ## - ADDED ENTRY ELEMENTS (KOHA) | |
| Koha item type | Books |
| 700 1# - | |
| -- | Nursi, Said |
| Collection code | Home library | Current library | Date acquired | Cost, normal purchase price | Full call number | Accession Number | Koha item type |
|---|---|---|---|---|---|---|---|
| Henry Martyn Institute Library | Henry Martyn Institute Library | 04/20/2011 | 100.00 | 297.211 NUR3 | 11002314 | Books |
